Вып. 54: Линейные операторы; Математические исследования

Bibliografiske detaljer
Parent link:Математические исследования: [сборник статей]/ Академия наук Молдавской ССР (АН МССР), Институт математики с вычислительным центром (ИМсВЦ). Вып. 54: Линейные операторы.— , 1978-1992
Andre forfattere: Сувейка И. В. (редактор)
Sprog:russisk
Udgivet: 1980
Fag:
Format: MixedMaterials Bog
KOHA link:https://koha.lib.tpu.ru/cgi-bin/koha/opac-detail.pl?biblionumber=221516

MARC

LEADER 00000nam2a2200000 4500
001 221516
005 20231101230415.0
035 |a (RuTPU)RU\TPU\book\241675 
035 |a RU\TPU\book\241670 
090 |a 221516 
100 |a 20120911d1980 k y0rusy5003 ca 
101 0 |a rus 
102 |a MD 
105 |a a z 001zy 
200 0 |a Вып. 54: Линейные операторы  |f отв. ред. И. В. Сувейка 
210 |d 1980 
215 |a 169 с.  |c ил. 
320 |a Библиогр. в конце ст. 
461 1 |0 (RuTPU)RU\TPU\book\32357  |t Математические исследования  |o [сборник статей]  |f Академия наук Молдавской ССР (АН МССР), Институт математики с вычислительным центром (ИМсВЦ)  |v Вып. 54: Линейные операторы  |d 1978-1992 
606 1 |a Операторы линейные  |2 stltpush  |3 (RuTPU)RU\TPU\subj\47043  |9 66111 
610 1 |a математика 
610 1 |a функциональный анализ 
675 |a 517.983  |v 3 
702 1 |a Сувейка  |b И. В.  |4 340 
801 0 |a RU  |b RuMRKP  |c 19950417  |g psbo 
801 1 |a RU  |b 63413507  |c 20100730 
801 2 |a RU  |b 63413507  |c 20130208  |g RCR 
942 |c BK